<?xml version="1.0" encoding="UTF-8"?>
<record
    xmlns:xsi="http://www.w3.org/2001/XMLSchema-instance"
    xsi:schemaLocation="http://www.loc.gov/MARC21/slim http://www.loc.gov/standards/marcxml/schema/MARC21slim.xsd"
    xmlns="http://www.loc.gov/MARC21/slim">

  <leader>00739naa a22002177i 4500</leader>
  <controlfield tag="001">232910</controlfield>
  <controlfield tag="003">ES-MaBCM</controlfield>
  <controlfield tag="005">20260415143035.0</controlfield>
  <controlfield tag="008">260415s2026    fr ||||| |||| 00| 0 fre d</controlfield>
  <datafield tag="040" ind1=" " ind2=" ">
    <subfield code="c">ES-MaBCM</subfield>
  </datafield>
  <datafield tag="100" ind1="1" ind2=" ">
    <subfield code="a">Robustelli, Ludovica</subfield>
    <subfield code="9">131360</subfield>
  </datafield>
  <datafield tag="245" ind1="1" ind2="2">
    <subfield code="a">L'evolution du droit de la protection des donn&#xE9;es personnelles</subfield>
    <subfield code="c">Ludovica Robustelli </subfield>
  </datafield>
  <datafield tag="504" ind1=" " ind2=" ">
    <subfield code="a">Incluye referencias bibliogr&#xE1;ficas</subfield>
  </datafield>
  <datafield tag="650" ind1=" " ind2="7">
    <subfield code="a">Protecci&#xF3;n de datos</subfield>
    <subfield code="9">59953</subfield>
  </datafield>
  <datafield tag="650" ind1=" " ind2="7">
    <subfield code="a">Ciencia jur&#xED;dica</subfield>
    <subfield code="9">58276</subfield>
  </datafield>
  <datafield tag="650" ind1=" " ind2="0">
    <subfield code="a">Plataforma digital</subfield>
    <subfield code="9">127396</subfield>
  </datafield>
  <datafield tag="650" ind1=" " ind2="0">
    <subfield code="a">Big data</subfield>
    <subfield code="9">124899</subfield>
  </datafield>
  <datafield tag="650" ind1=" " ind2="7">
    <subfield code="a">Comercializaci&#xF3;n</subfield>
    <subfield code="9">57962</subfield>
  </datafield>
  <datafield tag="773" ind1="0" ind2=" ">
    <subfield code="d">Paris</subfield>
    <subfield code="g">N. 695 (f&#xE9;vr. 2026), p. 120-128 - Loc. S.304</subfield>
    <subfield code="t">Revue de l'Union Europ&#xE9;enne </subfield>
    <subfield code="w">182585</subfield>
  </datafield>
  <datafield tag="942" ind1=" " ind2=" ">
    <subfield code="2">udc</subfield>
    <subfield code="c">AREV</subfield>
  </datafield>
  <datafield tag="999" ind1=" " ind2=" ">
    <subfield code="c">232910</subfield>
    <subfield code="d">232910</subfield>
  </datafield>
  <datafield tag="952" ind1=" " ind2=" ">
    <subfield code="0">0</subfield>
    <subfield code="1">0</subfield>
    <subfield code="2">udc</subfield>
    <subfield code="4">0</subfield>
    <subfield code="7">0</subfield>
    <subfield code="a">BC</subfield>
    <subfield code="b">BC</subfield>
    <subfield code="c">SALA</subfield>
    <subfield code="d">2026-04-15</subfield>
    <subfield code="l">0</subfield>
    <subfield code="r">2026-04-15 14:35:54</subfield>
    <subfield code="w">2026-04-15</subfield>
    <subfield code="y">AREV</subfield>
  </datafield>
</record>
